Artists of the Old Kingdom : techniques and achievements /

محفوظ في:

المؤلف الرئيسي: Kanawati, Naguib (مؤلف)

مؤلف مشترك: Majlis al-Aʿlá lil-Āthār (Egypt).

مؤلفون آخرون: Woods, Alexandra.

التنسيق: كتاب

اللغة: English

منشور في: [Egypt] : Supreme Council of Antiquities Press, 2009.

الطبعة: 1st English ed.

الموضوعات:

الوسوم: إضافة وسم

لا توجد وسوم, كن أول من يضع وسما على هذه التسجيلة!

رقم الطلب: DT62 .T6 K35 2009

LEADER 01425namaa2200337 4500
001 16204
003 OSt
005 20250629082516.0
008 130303s2009 ua abef b 001 0 eng d
020 |a 9789774379857 
040 |c ARCE Library 
043 |a f-ua--- 
050 4 |a DT62 .T6 K35 2009 
100 1 |a Kanawati, Naguib,  |e author  |9 33569 
245 1 0 |a Artists of the Old Kingdom :   |b techniques and achievements /   |c Naguib Kanawati & Alexandra Woods ; preface by Zahi Hawass ; with photographic contributions by Effy Alexakis and drawings by Sameh Shafik. 
246 1 4 |a Artists in the Old Kingdom. 
250 |a 1st English ed. 
264 1 |a [Egypt] :   |b Supreme Council of Antiquities Press,   |c 2009. 
300 |a xi, 88 pages, 96 unnumbered pages of plates :   |b illustrations (chiefly color), map, plans ;   |c 30 cm. 
500 |a "Dar al Kuttub registration no.: 23661/2008" 
504 |a Includes bibliographical references (p. 78-85) and indexes. 
505 0 |a Artists in the Old Kingdom -- Principles, materials and techniques -- Map of Egypt -- Selected Old Kingdom tombs -- Commentary on the selected wall scenes. 
650 0 |a Art, Egyptian. 
650 0 |a Tombs  |z Egypt. 
650 0 |a Mural painting and decoration, Egyptian. 
651 0 |a Egypt   |x Antiquities. 
700 1 |a Woods, Alexandra. 
710 2 |a Majlis al-Aʿlá lil-Āthār (Egypt). 
901 |a reviewed 
942 |c BK  |2 lcc 
999 |c 16534  |d 16534